000 00801nam a22002291i 4500
001 000029871
003 RuMoIPM
005 20260304114920.0
008 120127s1975----ru | c rus
035 _abiblionumber
040 _aRuMoIPM
_brus
_ercr
041 0 _arus
080 _a51
080 _a51:1
100 1 _aБеляев, Евгений Александрович
245 1 _aНекоторые особенности развития математического знания
_cЕ. А. Беляев, Н. А. Киселева, В. Я. Перминов
260 _aМосква
_bИзд-во МГУ
_c1975
300 _a112 с.
700 1 _aКиселева, Нина Александровна
700 1 _aПерминов, Василий Яковлевич
942 _cBK
999 _c29871
_d29871